[Event "Volgodonsk op"]
[Site "Volgodonsk"]
[Date "2007.07.22"]
[Round "4"]
[White "Bestchastny, Yiakov"]
[Black "Kovtun, Sergei"]
[Result "1-0"]
[WhiteElo "2265"]
[BlackElo "2282"]
[PlyCount "111"]
[EventDate "2007.07.19"]
[EventType "swiss"]
[EventRounds "9"]
[EventCountry "RUS"]
[SourceTitle "EXT 2010"]
[Source "ChessBase"]
[SourceDate "2010.11.25"]
[SourceVersion "1"]
[SourceVersionDate "2010.11.25"]
[SourceQuality "1"]

1. e4 c5 2. Nc3 g6 3. f4 Bg7 4. Nf3 Nc6 5. d3 e6 6. g3 Nge7 7. Bg2 d6 8. 0-0 Rb8 9. Be3 Nd4 10. Bf2 Nec6 11. Nxd4 Nxd4 12. e5 dxe5 13. fxe5 Bxe5 14. Ne4 0-0 15. c3 Nf5 16. Bxc5 b6 17. Bxf8 Qxf8 18. d4 Bg7 19. Qe2 Bb7 20. Rf2 Qe7 21. Raf1 Rf8 22. Nd2 Bh6 23. Bxb7 Qxb7 24. Rf3 Bg7 25. Qe4 Qd7 26. R3f2 h5 27. Nf3 Rd8 28. Ne5 Qc7 29. Re2 Rd5 30. Nd3 Rd8 31. Nf4 Bh6 32. Kh1 Qd7 33. Nd3 Bg7 34. Ne5 Qc7 35. Ra1 Rd5 36. Nd3 Rd8 37. Nf4 Qd7 38. a4 Bh6 39. Nd3 Bf8 40. a5 b5 41. Ne5 Qc8 42. Qc6 a6 43. Qxc8 Rxc8 44. Nxg6 fxg6 45. Rxe6 Bd6 46. Rxg6+ Kf7 47. Rg5 Kf6 48. Rxh5 Kg6 49. g4 Ne3 50. Re1 Nxg4 51. Rd5 Bxh2 52. Re6+ Kf7 53. Rxa6 Bb8 54. Rxb5 Rh8+ 55. Kg2 Ne3+ 56. Kf3 1-0